Beni Hassan: (Record no. 17000)
[ view plain ]
| 000 -LEADER | |
|---|---|
| fixed length control field | 00743nam a22002177a 4500 |
| 005 - DATE AND TIME OF LATEST TRANSACTION | |
| control field | 20251127111401.0 |
| 008 - FIXED-LENGTH DATA ELEMENTS--GENERAL INFORMATION | |
| fixed length control field | 251127b |||||||| |||| 00| 0 eng d |
| 020 ## - INTERNATIONAL STANDARD BOOK NUMBER | |
| International Standard Book Number | 9781912246182 |
| 040 ## - CATALOGING SOURCE | |
| Original cataloging agency | NVIC |
| 245 ## - TITLE STATEMENT | |
| Title | Beni Hassan: |
| Remainder of title | Volume VII. The Burial Apartment of Baqet II |
| 260 ## - PUBLICATION, DISTRIBUTION, ETC. (IMPRINT) | |
| Place of publication, distribution, etc. | Wallasey: |
| Name of publisher, distributor, etc. | Abercromby Press, |
| Date of publication, distribution, etc. | 2022 |
| 300 ## - PHYSICAL DESCRIPTION | |
| Extent | 268 p., |
| Other physical details | ill.; |
| Dimensions | 30 cm |
| 440 ## - SERIES STATEMENT/ADDED ENTRY--TITLE | |
| Title | The Australian Centre for Egyptology; |
| Number of part/section of a work | Reports 46 |
| 9 (RLIN) | 2348 |
| 650 ## - SUBJECT ADDED ENTRY--TOPICAL TERM | |
| Topical term or geographic name as entry element | Beni Hassan |
| General subdivision | Burial complexes |
| Chronological subdivision | Ancient Egypt |
| 9 (RLIN) | 2349 |
| 650 ## - SUBJECT ADDED ENTRY--TOPICAL TERM | |
| Topical term or geographic name as entry element | Baqet II |
| General subdivision | Burial complexes |
| Geographic subdivision | Beni Hassan |
| 9 (RLIN) | 2350 |
| 700 ## - ADDED ENTRY--PERSONAL NAME | |
| Personal name | Naguib Kanawati |
| 9 (RLIN) | 2351 |
| 700 ## - ADDED ENTRY--PERSONAL NAME | |
| Personal name | Martin Bommas |
| 9 (RLIN) | 2352 |
| 700 ## - ADDED ENTRY--PERSONAL NAME | |
| Personal name | Zeinab Hashesh and Michael Schultz |
| 9 (RLIN) | 2353 |
| 700 ## - ADDED ENTRY--PERSONAL NAME | |
| Personal name | Eman Khalifa |
| 9 (RLIN) | 2354 |
| 942 ## - ADDED ENTRY ELEMENTS (KOHA) | |
| Source of classification or shelving scheme | Dewey Decimal Classification |
| Koha item type | Books |
No items available.